01767nam a2200361 a 4500003000900000005001700009007000300026008004100029020001800070040002500088082001700113100002700130245016000157260008300317300002100400490004400421500007600465500006300541500005200604500003600656504003200692590002700724700004200751700004000793700003500833830005100868910001400919942001400933952014300947952014901090952014901239999001701388DO-SdBNP20230911152412.0ta110325s2022 dr 001 0 spa d a9789945634105 aDO-SdBNPbspacBNPHU 4axxxbxxx222 aGrasmuck, Sherri9948210aEntre dos islas :bla migración internacional dominicana /cSherri Grasmuck, Patricia R. Pessar ; presentación Samuel Pereyra Rojas, Wilfredo Lozano ;  aSanto Domingo :bInstituto Nacional de Migración,bBanco de Reservas,c2022. a264 p. :c23 cm.1 aClásicos de la Migración Dominicana aIncluye datos biográficos de las autoras en la solapa de la portada.  aIncluye Índice de cuadros, grafícos, mapas y diagramas aIncluye notas y biografías a pie de paginas.  aIncluye índice onomástico.  aBibliografía : p. 235-258 aInventariado, 2022/ YL1 aPessar, Patricia R.d1949-20129830151 aPereyra Rojas, Samuelepres.9830071 aLozano, Wilfredoepres.981507 aClásicos de la Migración Dominicana983013 aYLockward 2ddccLBS1 00102ddc51708PDaBNPHUbBNPHUcCTd2022-11-09eInstituto Nacional de Migración l0oxxx xxxp2022-5968r2022-12-09w2022-12-09yLBS1 00102ddc51708PDaBNPHUbBNPHUcCTd2022-11-09eInstituto Nacional de Migración l0oxxx xxxp2022-5969r2022-12-09te. 2w2022-12-09yLBS1 00102ddc56708DSaBNPHUbBNPHUcCTd2022-11-09eInstituto Nacional de Migración l0oxxx xxxp2022-5970r2022-12-09te. 3w2022-12-09yLBS1 c53102d53102